Предпроектный численный анализ перевода пылеугольных котлов на непроектное топливо; Теплофизические основы энергетических технологий

Detalles Bibliográficos
Parent link:Теплофизические основы энергетических технологий.— 2009.— [С. 133-139]
Autor principal: Гиль А. В. Андрей Владимирович
Sumario:Заглавие с титульного листа
Lenguaje:ruso
Publicado: 2009
Materias:
Acceso en línea:http://www.lib.tpu.ru/fulltext/c/2009/C02/021.pdf
Formato: Electrónico Capítulo de libro
KOHA link:https://koha.lib.tpu.ru/cgi-bin/koha/opac-detail.pl?biblionumber=233777

MARC

LEADER 00000naa2a2200000 4500
001 233777
005 20260119155907.0
035 |a (RuTPU)RU\TPU\book\254858 
035 |a RU\TPU\book\254854 
090 |a 233777 
100 |a 20130312d2009 k y0rusy50 ca 
101 0 |a rus 
102 |a RU 
135 |a drcn ---uucaa 
181 0 |a i  
182 0 |a b 
200 1 |a Предпроектный численный анализ перевода пылеугольных котлов на непроектное топливо  |f А. В. Гиль 
203 |a Текст  |c электронный 
215 |a 1 файл (388 Kb) 
300 |a Заглавие с титульного листа 
320 |a [Библиогр.: с. 138-139 (4 назв.)] 
337 |a Adobe Reader 
463 1 |0 (RuTPU)RU\TPU\book\176746  |t Теплофизические основы энергетических технологий  |o материалы региональной научно-практической конференции, 25 - 27 июня 2009 г., Томск   |f Томский политехнический университет (ТПУ) ; под общ. ред. Г. В. Кузнецова [и др.]  |v [С. 133-139]  |d 2009 
610 1 |a труды учёных ТПУ 
610 1 |a электронный ресурс 
610 1 |a численный анализ 
610 1 |a пылеугольные котлы 
610 1 |a непроектное топливо 
700 1 |a Гиль  |b А. В.  |c специалист в области теплотехники  |c доцент Томского политехнического университета, кандидат технических наук  |f 1983-  |g Андрей Владимирович  |3 (RuTPU)RU\TPU\pers\26007  |9 11856 
801 1 |a RU  |b 63413507  |c 20120830 
801 2 |a RU  |b 63413507  |c 20150313  |g RCR 
856 4 |u http://www.lib.tpu.ru/fulltext/c/2009/C02/021.pdf 
942 |c CF